| 000 | 03428 a2200205 4500 | ||
|---|---|---|---|
| 001 | 22400 | ||
| 005 | 20260407155515.0 | ||
| 008 | 260407a2004 arg spa d | ||
| 003 | AR-UNSa-BCEJYS | ||
| 040 |
_aAR-UNSa-BCEJYS _bspa _cAR-UNSa-BCEJYS |
||
| 080 |
_a336.1 _xFinanzas Públicas. Finanzas del gobierno en general |
||
| 245 | 1 | 0 | _aFinanzas públicas y derecho tributario |
| 250 | _a3a. ed | ||
| 264 | 1 |
_aBuenos Aires : _bAbeledo Perrot _c2004 |
|
| 300 |
_axlvii, 968 p. _c23 cm. |
||
| 505 | _a Parte I: Finanzas públicas y derecho tributario en general - 1. Evolución del pensamiento financiero - 2. Finanzas públicas. Naturaleza, estructura y relaciones con la economía 3. Diferentes enfoques del derecho tributario - Parte II: Presupuesto estatal - 1. El presupuesto estatal - 2. Presupuesto estatal, cuentas nacionales y renta nacional - 3. Finanzas de múltiples niveles de gobierno - 4. Las finanzas en múltiples niveles en el derecho argentino - Parte III: Gastos públicos - 1. Los gastos públicos - 2. Efectos de los gastos públicos - 3. Cuantificación de los efectos de los gastos públicos - Parte IV: Recursos - 1. Recursos - 2.Teoría general del impuesto - Parte V: Impuestos en general - 1. Caracteres del sistema impositivo - 2. Impuestos fijos, graduales, proporcionales, progresivos y regresivos - 3. Los principios de la imposición - 4. Los principios de la imposición en el derecho constitucional argentino - 5. Efectos económicos de los impuestos - Parte VI: El derecho tributario - 1. Diversos enfoques del derecho tributario - 2. Contenido del derecho tributario sustantivo - 3. El hecho imponible: concepto y naturaleza - 4. Interpretación de la norma tributaria - 5. Derecho tributario penal - 6. Derecho tributario administrativo - 7. Derecho tributario procesal - Parte VII: La imposición sobre la renta - 1. El impuesto a la renta o a los réditos - 2. El impuesto a los réditos de las sociedades de capital - 3. La imposición sobre la renta en el derecho tributario argentino - 4. El impuesto a las ganancias o beneficios de las sociedades de capital y otros impuestos que integran el sistema de imposición a las ganancias en el derecho argentino - 5. El impuesto sobre los beneficios eventuales - 6. El impuesto a las superrentas - Parte VIII: La imposición sobre los patrimonios y sobre los capitales - 1. Impuesto al patrimonio neto de las personas físicas - 2. Impuesto extraordinario al patrimonio - 3. El impuesto sobre el patrimonio neto de la Argentina - 4. Impuesto al capital de las empresas - 5. El impuesto sobre los capitales de la Argentina - 6. Impuestos a la transmisión de bienes - Parte IX: La imposición al gasto - 1. Impuesto al gasto - Parte X: La imposición al consumo - 1. Impuestos particulares sobre los consumos - 2. Impuestos generales sobre las ventas 3. Los impuestos aduaneros y el régimen cambiario - 4. Los impuestos internos - 5. El impuesto sobre los ingresos brutos - 6. El impuesto al valor agregado (I.V.A.) - Parte XI: Otros impuestos - 1. Impuestos sobre transferencias patrimoniales a título oneroso - 2. El impuesto de sellos en la Argentina - Parte XII: Otros recursos - 1. La deuda pública - 2. La emisión de billetes y las finanzas públicas - Parte XIII: Las finanzas de la seguridad social - 1. Finanzas de la seguridad social | ||
| 942 | _cBK | ||
| 590 | _aniveau_biblio:m niveau_hierar:0 | ||
| 100 | 1 | _aJarach, Dino | |
| 999 |
_c1008 _d1008 |
||